| 000 | 00000nam 2200000za 4500 |
| 001 | 9.840926 |
| 003 | CaOODSP |
| 005 | 20241210082353 |
| 007 | cr ||||||||||| |
| 008 | 170802s2015 onc |o f|0| 0 fre d |
| 040 | |aCaOODSP|bfre |
| 043 | |an-cn--- |
| 086 | 1 |aFB4-23/2017F-PDF |
| 245 | 03|aUn règne historique |h[ressource électronique] : |bbillet commémoratif de 20$ (2015). |
| 260 | |a[Ottawa] : |bBanque du Canada, |c[2015]. |
| 300 | |a[1] p. : |bill. |
| 500 | |aPubl. aussi en anglais sous le titre : A historic reign: commemorative $20 note (2015). |
| 500 | |aTitre de départ. |
| 500 | |a"Septembre 2015." |
| 692 | 07|2gccst|aMonnaie |
| 710 | 2 |aBanque du Canada. |
| 775 | 08|tA historic reign |w(CaOODSP)9.840646 |
| 856 | 40|qPDF|s455 Ko|uhttps://publications.gc.ca/collections/collection_2017/banque-bank-canada/FB4-23-2017-fra.pdf |